000 00316nam a2200133Ia 4500
008 151001s9999||||xx |||||||||||||| ||und||
100 _aम द जोशी
245 _aअवधूत गंगा
250 _a1
260 _bमोंडकर अ.जा.
260 _c1963
300 _a65
365 _b18
999 _c959723
_d959720